Tipos burgaleses / (Record no. 164477)

MARC details
000 -LEADER
campo de control de longitud fija 00777nam a22002055i 4500
001 - NÚMERO DE CONTROL
campo de control 164477
003 - IDENTIFICADOR DE NÚMERO DE CONTROL
campo de control ES-MaACL
005 - FECHA Y HORA DE LA ÚLTIMA TRANSACCIÓN
campo de control 20250702063118.0
008 - DATOS DE LONGITUD FIJA--INFORMACIÓN GENERAL
campo de control de longitud fija 990129s1892 sp |||| | spa d
040 ## - FUENTE DE CATALOGACIÓN
Centro catalogador/agencia de origen CCPB | B
Lengua de catalogación spa
Centro/agencia transcriptor CCPB | B
100 1# - ENTRADA PRINCIPAL--NOMBRE DE PERSONA
Nombre de persona Salvá, Anselmo,
Fechas asociadas al nombre 1849-1922
9 (RLIN) 102053
245 10 - MENCIÓN DEL TÍTULO
Título Tipos burgaleses /
Mención de responsabilidad, etc. por Anselmo Salvá.
260 ## - PUBLICACIÓN, DISTRIBUCIÓN, ETC.
Lugar de publicación, distribución, etc. Burgos :
Nombre del editor, distribuidor, etc. Imp. y lib. de Hijos de Santiago Rodríguez,
Fecha de publicación, distribución, etc. 1892.
300 ## - DESCRIPCIÓN FÍSICA
Extensión 95 p. ;
Dimensiones 20 cm.
530 ## - NOTA DISPONIBLE DE FORMULARIO FÍSICO ADICIONAL
Nota de formato físico adicional disponible Disponible en formato digital.
650 #4 - PUNTO DE ACCESO ADICIONAL DE MATERIA--TÉRMINO DE MATERIA
Término de materia o nombre geográfico como elemento de entrada Burgaleses.
9 (RLIN) 156983
852 ## - LOCALIZACIÓN
Ubicación ES-MaACL
Número de control de estantería T-811-F-3
Nota libre -- Enc. hol., conservando la enc. original
-- -- Enc. en un vol. facticio
856 ## - LOCALIZACIÓN Y ACCESO ELECTRÓNICOS
Identificador Uniforme de Recursos <a href="http://bdh-rd.bne.es/viewer.vm?id=0000074885&page=1 ">http://bdh-rd.bne.es/viewer.vm?id=0000074885&page=1 </a>
Nota pública Biblioteca Digital Hispánica
Holdings
Estatus retirado Estado de pérdida Estado de daño No para préstamo Colección Biblioteca de origen Biblioteca actual Ubicación en estantería Fecha de adquisición Fuente de adquisición Total de préstamos Signatura topográfica completa Código de barras Visto por última vez Precio de reemplazo Tipo de ítem Koha
        Colección de folletos Biblioteca del Ateneo de Madrid Biblioteca del Ateneo de Madrid Depósito folletos 17/01/2008     T-811-F-3 1172408 23/02/2023 23/02/2023 Folleto